Guess 100 AC Milan footballers by image - Statistics

General Stats
  • This quiz has been taken 1,142 times
  • The average score is 68 of 100
Answer Stats
Picture Answer % Correct
Zlatan Ibrahimović
99%
Thiago Silva
98%
David Beckham
96%
Ronaldinho
93%
Gianluigi Donnarumma
92%
Cafu
90%
Kakà
90%
Ronaldo
90%
Leonardo Bonucci
89%
Olivier Giroud
89%
Paolo Maldini
89%
Hakan Calhanoglu
88%
Mario Mandzukic
88%
Rafael Leao
88%
Gonzalo Higuain
87%
Mario Balotelli
87%
Rivaldo
87%
Ruud Gullit
87%
Andriy Shevchenko
86%
Gennaro Gattuso
86%
George Weah
86%
Andrea Pirlo
85%
Dida
85%
Frank Rijkaard
85%
Roberto Baggio
85%
Theo Hernandez
85%
Sandro Tonali
84%
Mike Maignan
83%
Alessandro Nesta
82%
Filippo Inzaghi
82%
Franco Baresi
82%
Kevin-Prince Boateng
82%
Clarence Seedorf
81%
Lucas Paqueta
81%
Marco van Basten
81%
Fernando Torres
80%
Jaap Stam
80%
Alexandre Pato
79%
Fikayo Tomori
79%
Franck Kessie
78%
Patrick Kluivert
77%
Pepe Reina
76%
Sergino Dest
76%
Simon Kjaer
76%
Carlo Ancelotti
75%
Robinho
75%
Stephan El Shaarawy
74%
Marcel Desailly
73%
Pierre Kalulu
73%
Ante Rebic
72%
Hernán Crespo
72%
Alessandro Florenzi
71%
Ismael Bennacer
71%
Brahim Díaz
70%
Davide Calabria
70%
Divock Origi
70%
Rui Costa
69%
Gianluca Zambrotta
68%
Carlos Bacca
66%
Philippe Mexes
65%
Charles De Ketelaere
63%
Christian Abbiati
63%
André Silva
62%
Junior Messias
62%
Nigel de Jong
62%
Krzysztof Piątek
61%
Tiémoué Bakayoko
61%
Christian Vieri
60%
Riccardo Montolivo
60%
Alexis Saelemaekers
59%
Alessio Romagnoli
58%
Antonio Cassano
58%
Giacomo Bonaventura
57%
Jeremy Menez
57%
Suso
57%
Ignazio Abate
56%
Massimo Ambrosini
55%
Lucas Biglia
54%
Mark van Bommel
54%
Ciprian Tatarusanu
53%
Alessandro Costacurta
52%
Cesare Maldini
52%
Rade Krunic
50%
Alex
49%
Gianni Rivera
49%
Diogo Dalot
44%
Mathieu Flamini
41%
Serginho
41%
Sebastiano Rossi
40%
Zvonimir Boban
39%
Demetrio Albertini
37%
Alberto Gilardino
36%
Kakha Kaladze
35%
Roberto Donadoni
33%
Gunnar Nordahl
32%
Jean-Pierre Papin
32%
Oliver Bierhoff
32%
Mauro Tassotti
31%
Dejan Savicevic
28%
José Altafini
17%
No matching quizzes found
Score Distribution
Percent of People with Each Score
Percentile by Number Answered
Your Score History
You have not taken this quiz